Loading...
| Fine Arts - Classical Music | 5 | 12.00 | 2,560% | 340% | 360% |
| Fine Arts - Other | 5 | 12.00 | 1,280% | 180% | 640% |
| Fine Arts - Painting & Sculpture | 5 | 14.00 | 3,620% | 140% | 460% |
| History - American | 6 | 15.00 | 1,950% | 533% | 433% |
| History - European | 5 | 22.00 | 5,160% | 660% | 520% |
| History - Other | 4 | 20.00 | 2,500% | 625% | 625% |
| History - World | 3 | 20.00 | 6,033% | 467% | 300% |
| Literature - American | 4 | 12.50 | 1,225% | 200% | 600% |
| Literature - British | 5 | 10.00 | 1,620% | 340% | 320% |
| Literature - European | 5 | 14.00 | 5,800% | 520% | 0% |
| Literature - World | 6 | 11.67 | 1,667% | 267% | 383% |
| Mythology | 2 | 15.00 | 5,000% | 0% | 400% |
| Other | 6 | 18.33 | 3,483% | 417% | 683% |
| Religion | 3 | 16.67 | 0% | 567% | 833% |
| Science - Biology | 7 | 14.29 | 3,471% | 229% | 629% |
| Science - Chemistry | 6 | 16.67 | 3,233% | 550% | 417% |
| Science - Other | 6 | 18.33 | 3,833% | 367% | 533% |
| Science - Physics | 3 | 16.67 | 2,700% | 467% | 467% |
| Social Science | 3 | 16.67 | 3,900% | 567% | 200% |